Research memorandum on recreation in the depression /
Saved in:
| Main Author: | |
|---|---|
| Format: | Book |
| Language: | English |
| Published: |
[New York] :
Arno Press,
[1972]
|
| Series: | Bulletin (Social Science Research Council (U.S.)) ;
32. Studies in the social aspects of the depression ; no. 6. |
| Subjects: |
| LEADER | 01378nam a2200313 a 4500 | ||
|---|---|---|---|
| 001 | c000300032 | ||
| 003 | CARM | ||
| 005 | 20061111040911.0 | ||
| 008 | 720705r19721937nyu b 001 0 eng | ||
| 019 | 1 | |a 87208 |5 LACONCORD2021 | |
| 020 | |z 0405009457 | ||
| 035 | |a (OCoLC)2780466 |5 LACONCORD2021 | ||
| 043 | |a n-us--- | ||
| 082 | 0 | 0 | |a 790 |
| 100 | 1 | |a Steiner, Jesse Frederick, |d 1880- | |
| 245 | 1 | 0 | |a Research memorandum on recreation in the depression / |c by Jesse F. Steiner. |
| 260 | |a [New York] : |b Arno Press, |c [1972] | ||
| 300 | |a vii, 124 p. ; |c 23 cm. | ||
| 500 | |a Reprint of the 1937 ed., which was issued as Bulletin 32 of the Social Science Research Council and also as no. 6 of the series: Studies in the social aspects of the depression. | ||
| 504 | |a Includes bibliographical references. | ||
| 650 | 0 | |a Community centers |z United States. | |
| 650 | 0 | |a Leisure |z United States. | |
| 650 | 0 | |a Recreation |z United States. | |
| 651 | 0 | |a United States |x Economic conditions |y 1918-1945. | |
| 830 | 0 | |a Bulletin (Social Science Research Council (U.S.)) ; |v 32. | |
| 830 | 0 | |a Studies in the social aspects of the depression ; |v no. 6. | |
| 852 | 8 | |b CARM |h A3:AD35B0 |i B11411 |p 0548322 |f BK | |
| 999 | f | f | |i 4fc4b53f-9a1a-59d7-9b9f-c2bf0e44fe85 |s ce92d52f-709c-5f17-9a6c-ea469cc12bbb |
| 952 | f | f | |p Can circulate |a CAVAL |b CAVAL |c CAVAL |d CARM 1 Store |e B11411 |f A3:AD35B0 |h Other scheme |i book |m 0548322 |